El silencio de los libros / (Registro nro. 35803)
[ vista simple ]
| 000 -CABECERA | |
|---|---|
| Longitud fija campo de control | 00986nam a2200265 a 4500 |
| 003 - • IDENTIFICADOR DELl NÚMERO DE CONTROL | |
| Identificador del número de control | CO-ViMGA |
| 005 - • FECHA Y HORA DE LA ÚLTIMA TRANSACCIÓN | |
| Fecha y hora de la última transacción | 20230915233141.0 |
| 008 - • CÓDIGOS DE INFORMACIÓN DE LONGITUD FIJA | |
| Códigos de información de longitud fija | 110823s2011 sp gr 00010dspa d |
| 020 ## - • NÚMERO INTERNACIONAL NORMALIZADO PARA LIBROS | |
| Número Internacional Normalizado para Libros (ISBN) | 9788498414257 |
| 040 ## - FUENTE DE LA CATALOGACIÓN | |
| Centro catalogador de origen | CO-ViMGA |
| Lengua de catalogación | spa |
| Centro transcriptor | CO-ViMGA |
| 041 1# - • CÓDIGO DE LENGUA | |
| Código de lengua original | fre |
| 082 04 - • NÚMERO DE LA CLASIFICACIÓN DECIMAL DEWEY | |
| Número de clasificación (R) | MEVIGAEMP |
| Número del ítem | S73s |
| Número de edición | 21 |
| 100 1# - • PUNTO DE ACCESO PRINCIPAL-NOMBRE DE PERSONA | |
| Nombre de persona | Steiner, George, |
| Fechas asociadas al nombre | 1929- |
| 245 13 - • TITULO PROPIAMENTE DICHO | |
| Título | El silencio de los libros / |
| Mención de responsabilidad, etc. | George Steiner. Ese vicio todavía impune / Michel Crépu ; traducción del francés de María Condor. |
| 300 ## - • DESCRIPCIÓN FÍSICA | |
| Extensión | 84 p. ; |
| Dimensiones | 15 cm. |
| 490 0# - • MENCIÓN DE SERIE | |
| Mención de serie | Biblioteca de ensayo. Serie menor ; |
| Designación de volumen o secuencia | 50 |
| 534 ## - • Nota De Versión Original | |
| -- | Títulos originales : |
| Título | Le silence des livres, suivi ; De ce vice encore impuni. |
| 650 14 - • PUNTO DE ACCESO ADICIONAL DE MATERIA - TÉRMINO DE MATERIA | |
| Término de materia o nombre geográfico como elemento inicial | Libros y lectura. |
| 650 14 - • PUNTO DE ACCESO ADICIONAL DE MATERIA - TÉRMINO DE MATERIA | |
| Término de materia o nombre geográfico como elemento inicial | Libros |
| Subdivisión de materia general | Historia. |
| 650 14 - • PUNTO DE ACCESO ADICIONAL DE MATERIA - TÉRMINO DE MATERIA | |
| Término de materia o nombre geográfico como elemento inicial | Literatura y sociedad. |
| 700 1# - • PUNTO DE ACCESO ADICIONAL - NOMBRE DE PERSONA | |
| Nombre de persona | Cóndor, María, |
| Término indicativo de función | tr. |
| 700 1# - • PUNTO DE ACCESO ADICIONAL - NOMBRE DE PERSONA | |
| Nombre de persona | Crepú, Michel. |
| Título de la obra | Ese vicio todavía impune. |
| 942 ## - ENTRADA DE ELEMENTOS AGREGADOS (KOHA) | |
| Fuente de clasificaión o esquema | Dewey Decimal Classification |
| Koha [por defecto] tipo de item | LIbro |
| Perdido | Fuente de clasificación o esquema | Estado Físico | No para préstamo | Forma de adquisición | Localización permanente | Localización actual | Fecha adquisición | Préstamos totales | Signatura completa | Código de barras | Fecha última consulta | Número de copia | Fecha del precio de reemplazo | Tipo de item de Koha |
|---|---|---|---|---|---|---|---|---|---|---|---|---|---|---|
| Dewey Decimal Classification | Sala General Segundo Piso | Biblioteca Pública Germán Arciniegas - Villavicencio | Biblioteca Pública Germán Arciniegas - Villavicencio | 08/30/2016 | 002 S73s | 30971 | 08/30/2016 | Ej. 1 | 08/30/2016 | LIbro |